دور الإتصال التسويقي في المؤسسات الإقتصادية وأساليب تطويره : دراسة ميدانية مقارنة /
Saved in:
| Main Author: | |
|---|---|
| Other Authors: | |
| Format: | Thesis |
| Language: | Arabic |
| Published: |
Jaza'ir :
Jami'ah al-Jaza'ir,
2005
|
| Subjects: | |
| Tags: |
Add Tag
No Tags, Be the first to tag this record!
|
| LEADER | 015660000a22003010004500 | ||
|---|---|---|---|
| 008 | 130429s2005 ua a f 000 0 ara u | ||
| 040 | |a UIAM |b eng | ||
| 041 | |a ara | ||
| 050 | 0 | |a HF5415.123 | |
| 100 | 1 | |a كورتل، فريد | |
| 242 | 1 | 0 | |a Dawr al-ittisal al-taswiqi fi al-mu'assasat al-iqtisadiyah wa asalib tatawwurihi : |b dirasah maydaniyah muqaranah |
| 245 | 1 | 0 | |a دور الإتصال التسويقي في المؤسسات الإقتصادية وأساليب تطويره : |b دراسة ميدانية مقارنة / |c إعداد، فريد كورتل |
| 260 | |a Jaza'ir : |b Jami'ah al-Jaza'ir, |c 2005 | ||
| 300 | |a [253] leaves : |b ill ; |c 30 cm. | ||
| 500 | |a "أطروحة مقدمة لنيل شهادة دكتوراه في العلوم الإقتصادية تخصص إدارة الأعمال" --On t.p. | ||
| 502 | |a Thesis (Ph. D.)--Jami'at al-Jaza'ir, 2005. | ||
| 504 | |a Includes bibliographical references. | ||
| 596 | |a 1 4 | ||
| 650 | 0 | |a Communication in marketing | |
| 650 | 0 | |a Advertising | |
| 650 | 0 | |a Sales promotion | |
| 655 | |a Theses, Facsimile edition (Islamic) | ||
| 700 | 1 | |a Kurtil, Farid | |
| 900 | |a arf-his | ||
| 999 | |c 437363 |c 437363 |d 470129 |d 470129 | ||
| 999 | |c 437363 |c 437363 |d 470129 |d 470129 | ||
| 952 | |0 0 |6 TI HF 005415.123 K96D 2005 |7 0 |8 THESES |9 757972 |a IIUM |b IIUM |c MULTIMEDIA |g 0.00 |o ti HF 5415.123 K96D 2005 |p 00011253444 |r 2017-10-23 |t 1 |v 0.00 |y THESIS | ||
| 952 | |0 0 |6 TI HF 005415.123 K96D 2005 |7 0 |8 THESES |9 757973 |a IIiBFL |b IIiBFL |c CLOSEACCES |g 365.00 |o ti HF 5415.123 K96D 2005 |p 00011273871 |r 2017-11-01 |t 1 |v 365.00 |y THESIS | ||
